[Event "ROM-ch U18"]
[Site "Baile Felix"]
[Date "2017.02.06"]
[Round "6"]
[White "Cristian, Codrut"]
[Black "Mirea, Rares Mihai"]
[Result "1-0"]
[WhiteElo "1719"]
[BlackElo "1169"]
[PlyCount "62"]
[EventDate "2017.02.02"]
[EventType "swiss"]
[EventRounds "9"]
[EventCountry "ROU"]
[SourceTitle "CBM 176 Extra"]
[Source "ChessBase"]
[SourceDate "2017.03.02"]
[SourceVersion "1"]
[SourceVersionDate "2017.03.02"]
[SourceQuality "1"]

1. d4 d5 2. c4 e6 3. Nc3 c6 4. cxd5 exd5 5. e3 Bf5 6. Bd3 Bxd3 7. Qxd3 Nf6 8. Nf3 Bd6 9. 0-0 0-0 10. h3 Qc7 11. Bd2 Re8 12. Rfc1 a6 13. b4 Nbd7 14. b5 Nf8 15. a4 Qd7 16. bxc6 bxc6 17. a5 Ne4 18. Na4 Bc7 19. Nb6 Bxb6 20. axb6 Nxd2 21. Qxd2 Reb8 22. Ne5 Qc8 23. Nxc6 Qe6 24. Nxb8 Rxb8 25. Rxa6 Rxb6 26. Rxb6 Qxb6 27. g3 h6 28. Qa2 Qe6 29. Rc5 Ng6 30. Qxd5 Qxd5 31. Rxd5 Kh7 1-0

[Event "ROM-ch U18"]
[Site "Baile Felix"]
[Date "2017.02.05"]
[Round "5"]
[White "Mirea, Rares Mihai"]
[Black "Raducu, Vlad Rares"]
[Result "0-1"]
[WhiteElo "1169"]
[BlackElo "1118"]
[PlyCount "90"]
[EventDate "2017.02.02"]
[EventType "swiss"]
[EventRounds "9"]
[EventCountry "ROU"]
[SourceTitle "CBM 176 Extra"]
[Source "ChessBase"]
[SourceDate "2017.03.02"]
[SourceVersion "1"]
[SourceVersionDate "2017.03.02"]
[SourceQuality "1"]

1. e4 c5 2. Nc3 Nc6 3. Bc4 e6 4. Nf3 a6 5. a4 b6 6. 0-0 Qc7 7. d4 cxd4 8. Nxd4 Bc5 9. Nxc6 Qxc6 10. Re1 Bxf2+ 11. Kxf2 Qxc4 12. Qg4 Qd4+ 13. Be3 Qf6+ 14. Kg1 Nh6 15. Bxh6 Qxh6 16. Qf3 Bb7 17. Rf1 0-0 18. Rad1 Rad8 19. Rd6 Bc6 20. b4 b5 21. axb5 axb5 22. Qf4 Qxf4 23. Rxf4 h6 24. e5 Ra8 25. Ne2 Rfc8 26. Nd4 Ra7 27. Nxc6 dxc6 28. c4 Ra2 29. Rd7 bxc4 30. Rfxf7 c3 31. Rxg7+ Kf8 32. Rdf7+ Ke8 33. Rg8+ Kxf7 34. Rxc8 c2 35. Rxc6 Ra1+ 36. Kf2 c1Q 37. Rxc1 Rxc1 38. Kf3 Rb1 39. g4 Rxb4 40. h4 Kg6 41. Kg3 Re4 42. h5+ Kg5 43. Kf3 Rxe5 44. Kg3 Re3+ 45. Kf2 Re4 0-1